Galileo and the 'Invention' of Opera : A Study in the Phenomenology of Consciousness /

Intended for scholars in the fields of philosophy, history of science and music, this book examines the legacy of the historical coincidence of the emergence of science and opera in the early modern period. But instead of regarding them as finished products or examining their genesis, or `common gro...

Full description

Bibliographic Details
Main Author: Kersten, Fred
Corporate Author: SpringerLink (Online service)
Format: eBook
Language:English
Published: Dordrecht : Springer Netherlands, 1997.
Series:Contributions to phenomenology ; 29.
Subjects:
Online Access:Connect to the full text of this electronic book

MARC

Tag First Indicator Second Indicator Subfields
LEADER 00000cam a2200000Mi 4500
001 in00003561008
006 m o d
007 cr mnu---uuaaa
008 130327s1997 ne o 000 0 eng
005 20260422211749.9
020 |a 9789401589314 (electronic bk.) 
020 |a 9401589313 (electronic bk.) 
020 |z 9789048148479 
020 |z 9048148472 
020 |z 9401589313 
035 |a (OCoLC)851382355 
040 |a AU@  |b eng  |c AU@  |d GW5XE  |d UtOrBLW 
049 |a TXAM 
050 4 |a B829.5.A-829.5.Z 
072 7 |a HPCF3  |2 bicssc 
072 7 |a PHI018000  |2 bisacsh 
082 0 4 |a 142.7  |2 23 
100 1 |a Kersten, Fred. 
245 1 0 |a Galileo and the 'Invention' of Opera :  |b A Study in the Phenomenology of Consciousness /  |c by Fred Kersten. 
264 1 |a Dordrecht :  |b Springer Netherlands,  |c 1997. 
300 |a 1 online resource (xvii, 282 pages) 
336 |a text  |b txt  |2 rdacontent 
337 |a computer  |b c  |2 rdamedia 
338 |a online resource  |b cr  |2 rdacarrier 
490 1 |a Contributions to phenomenology,  |x 0923-9545 ;  |v 29 
520 |a Intended for scholars in the fields of philosophy, history of science and music, this book examines the legacy of the historical coincidence of the emergence of science and opera in the early modern period. But instead of regarding them as finished products or examining their genesis, or `common ground', or `parallel' ideas, opera and science are explored by a phenomenology of the formulations of consciousness (Gurwitsch) as compossible tasks to be accomplished in common (Schutz) which share an ideal possibility or `essence' (Husserl). Although the ideas of Galileo and Monteverdi form the parameters of the domain of phenomenological clarification, the scope of discussion extends from Classical ideas of science and music down to the beginning of the nineteenth century, but always with reference to the experience of sharing the sociality of a common world from which they are drawn (Plessner) and to which those ideas have given shape, meaning and even substance. At the same time, this approach provides a non-historicist alternative to understanding the arts and science of the modern period by critically clarifying the idea of whether their compossibility can rest on any other formulation of consciousness. 
500 |a Electronic resource. 
650 0 |a Philosophy (General) 
650 0 |a Philosophy, classical. 
650 0 |a Philosophy, Modern. 
650 0 |a Phenomenology. 
650 0 |a Humanities. 
650 0 |a Music. 
650 0 |a Performing arts. 
655 7 |a Electronic books.  |2 local 
710 2 |a SpringerLink (Online service) 
776 1 8 |i Print version:  |z 9789048148479 
830 0 |a Contributions to phenomenology ;  |v 29. 
856 4 0 |u http://proxy.library.tamu.edu/login?url=https://link.springer.com/10.1007/978-94-015-8931-4  |z Connect to the full text of this electronic book  |t 0 
994 |a 92  |b TXA 
999 |a MARS 
999 f f |s bf657a6f-e1c4-3fe1-996a-8f67dd5b900c  |i aa10da60-d93c-3fc6-9b08-f2c3cd6506ff  |t 0 
952 f f |a Texas A&M University  |b College Station  |c Electronic Resources  |s www_evans  |d Available Online  |t 0  |e B829.5.A-829.5.Z  |h Library of Congress classification 
998 f f |a B829.5.A-829.5.Z  |t 0  |l Available Online